• 首页
  • 本馆介绍
  • 公告通知
  • 最新文献
  • 馆藏检索
  • 电子资源
  • 读者导购
  • 参考咨询
  • 我的图书馆
  • 登录
  • 详细信息显示
  • 放入我的书架
  • 预约/预借图书
  • 作者相关作品
  • 分类相关作品
  • 丛书相关作品
  • 出版社相关作品

书目信息

  • 表格格式
  • 工作单格式
  • 卡片格式
题名:
动画艺术设计创新实践
    
 
作者: 郑莉 著
分册:  
出版信息: 长春   吉林美术出版社  2019
页数: 179页
开本: 24cm
丛书名:
单 册:
中图分类: J218.7
科图分类:
主题词: 动画--dong hua--设计--研究
电子资源:
ISBN: 978-7-5575-3308-3
000 00878nam0 2200241 450
001 012001006574
005 20140101094029.0
010    @a978-7-5575-3308-3@dCNY48.00
099    @aCAL 012019030147
100    @a20190308d2019 em y0chiy50 ea
101 0  @achi
102    @aCN@b220000
105    @aa z 000yy
106    @ar
200 1  @a动画艺术设计创新实践@Adong hua yi shu she ji chuang xin shi jian@f郑莉著
210    @a长春@c吉林美术出版社@d2019
215    @a179页@c图@d24cm
330    @a《动画艺术设计创新实践》主要针对动画制作艺术中的动画运动规律、原画设计及三维动画的应用而作, 本书注重理论讲解, 内容由浅入深, 结构清晰易懂。目的是帮助读者快速成为一名合格的动画设计师。非常适合动画爱好者参考。
606 0  @a动画@Adong hua@x设计@x研究
690    @aJ218.7@v5
701  0 @a郑莉@Azheng li@4著
801  0 @aCN@b上海新华@c20191020
905    @b1131865-8@dJ218.7@e1061@f4
    
    动画艺术设计创新实践/郑莉著.-长春:吉林美术出版社,2019
    179页:图;24cm
    
    
    ISBN 978-7-5575-3308-3:CNY48.00
    《动画艺术设计创新实践》主要针对动画制作艺术中的动画运动规律、原画设计及三维动画的应用而作, 本书注重理论讲解, 内容由浅入深, 结构清晰易懂。目的是帮助读者快速成为一名合格的动画设计师。非常适合动画爱好者参考。
●
相关链接 在E读中查询图书 在五车中查询图书 在当当中查询图书 在豆瓣中查询图书


正题名:动画艺术设计创新实践     索取号:J218.7/1061         预约/预借

序号 登录号 条形码 馆藏地/架位号 状态 备注
1 1131865   211318652   第一样本阅览室/ [索取号:J218.7/1061] 在馆    
2 1131866   211318661   第一借阅区/ [索取号:J218.7/1061] 在馆    
3 1131867   211318670   第一借阅区/ [索取号:J218.7/1061] 在馆    
4 1131868   211318689   第一借阅区/ [索取号:J218.7/1061] 在馆    
唐山师范学院图书馆 欢迎您!
大连网信软件有限公司© 版权所有